000 00395nam a2200145Ia 4500
008 230917s9999||||xx |||||||||||||| ||und||
040 _e214884
_aMAIN
041 _aEnglish
082 _a588 R183I
100 _aRashid, A
245 0 _aIntroduction to Bryophyta: Diversity, development, differentiation
260 _aNoida
_bVikas Publishing House
_c2013
300 _ax, 298 p.
942 _cBK
999 _c179293
_d179293